| 000 | 00794cam a22002531 4500 | ||
|---|---|---|---|
| 999 |
_c232714 _d232714 |
||
| 001 | 5920827 | ||
| 003 | Nust | ||
| 005 | 20170222165514.0 | ||
| 008 | 760109s1922 gw 000 0 ger | ||
| 010 | _a 24016608 | ||
| 020 | _a9788129102041 | ||
| 035 | _a(OCoLC)1918783 | ||
| 040 |
_aDLC _cDeU _dOCoLC _dDLC |
||
| 042 | _apremarc | ||
| 050 | 0 | 0 |
_aPT2617.E85 _bS5 1922 |
| 082 |
_a833.912 _bHES |
||
| 100 | 1 |
_aHesse, Hermann, _d1877-1962. |
|
| 245 | 1 | 0 |
_aSiddhartha; _cHermann Hesse; Translated from the German by Hilda Rosner |
| 260 |
_aBerlin, _bS. Fischer, _c1922. |
||
| 300 |
_a121 p. _c24 cm. |
||
| 650 | 0 | _aBuddha and Buddhism. | |
| 906 |
_a7 _bcbc _coclcrpl _du _encip _f19 _gy-gencatlg |
||
| 942 |
_2ddc _cBK |
||